Odmeňovanie a práva starostu obce
Výpočet odmeny starostu obce. Ochrana práv a nárokov starostu. Dodatková dovolenka. Zahrnutie platu starostu do hrubých platov zamestnancov na účely určenia výšky sociálneho fondu. Úprava pracovného času.
Enregistré dans:
| Auteur principal: | |
|---|---|
| Format: | Chapitre de livre |
| Langue: | slovaque |
| Sujets: | |
| Tags: |
Pas de tags, Soyez le premier à ajouter un tag!
|
MARC
| LEADER | 00000naa a2200000 4500 | ||
|---|---|---|---|
| 001 | r036137 | ||
| 005 | 20230926081623.5 | ||
| 041 | 0 | |a slo | |
| 044 | |a SK | ||
| 245 | 1 | 0 | |a Odmeňovanie a práva starostu obce |c Ružena Ješinová |
| 520 | |a Výpočet odmeny starostu obce. Ochrana práv a nárokov starostu. Dodatková dovolenka. Zahrnutie platu starostu do hrubých platov zamestnancov na účely určenia výšky sociálneho fondu. Úprava pracovného času. | ||
| 610 | 2 | 0 | |a starostovia |
| 610 | 2 | 0 | |a odmeňovanie |
| 610 | 2 | 0 | |a odmeny |
| 610 | 2 | 0 | |a úpravy právne |
| 610 | 2 | 0 | |a platy |
| 610 | 2 | 0 | |a pomer pracovný |
| 610 | 2 | 0 | |a čas pracovný |
| 610 | 2 | 0 | |a dovolenka |
| 100 | 1 | |a Ješinová, Ružena | |